[Event "Baltic Zonal II Stage 2018"]
[Site "Palanga"]
[Date "2018.06.14"]
[Round "1"]
[White "Samolins, Vitalijs"]
[Black "Meshkovs, Nikita"]
[Result "0-1"]
[WhiteElo "2406"]
[BlackElo "2515"]
[Annotator "TA"]
[PlyCount "100"]
[EventDate "2018.??.??"]
[EventType "swiss"]
[EventCountry "LTU"]
[SourceTitle "playchess.com"]
[Source "ChessBase"]
[SourceQuality "1"]

{[%evp 9,100,-14,-10,-14,-10,-17,-12,-11,-1,-14,36,32,32,28,44,0,0,0,0,0,0,-16,0,0,0,0,0,0,0,0,1,0,0,0,0,0,0,0,0,0,0,0,0,0,0,-11,0,-12,0,0,11,0,0,0,27,0,0,0,0,0,51,10,10,12,13,-15,-15,-81,-85,-247,-239,-236,-238,-244,-235,-231,-120,-117,0,-229,-223,-339,-371,-348,-335,-396,-391,-620,-606,-617,-627,-1219,-1175]} 1. d4 Nf6 2. Bg5 d5 3. Nd2 Nbd7 {[%cal Bb8d7,Bd7e5,Be5f3][%mdl 32]} 4. e3 (4. Ngf3 e6 5. e3 Be7 6. Bd3 c5 7. c3 b6 8. O-O Bb7 9. Qb1 O-O 10. a4 a5 11. Re1 g6 12. Bb5 Ba6 13. Qd3 Bxb5 14. Qxb5 Ne8 15. Bh6 Nd6 16. Qe2 Re8 17. e4 dxe4 18. Nxe4 Nxe4 19. Qxe4 cxd4 20. Nxd4 {1-0 (51) Artemiev,V (2691)-Naiditsch,A (2705) Riadh 2017}) 4... h6 5. Bh4 e5 6. dxe5 {D00: 1 d4 d5: Unusual lines} Nxe5 7. Ngf3 Nxf3+ 8. Nxf3 {The position is equal.} c6 $146 (8... g5 $5 9. Bg3 $8 Bg7 $11) ({Predecessor:} 8... g5 9. Bg3 Ne4 10. Qd4 f6 11. O-O-O c6 {½-½ (33) Dragasevic,S (2279)-Podlesnik,B (2384) Cetinje 2009}) 9. Be2 Qb6 (9... g5 $5 10. Bg3 $8 Ne4 $11) 10. Bxf6 gxf6 11. Qd4 Rg8 12. Qxb6 (12. g3 {is more complex.} Qxd4 13. Nxd4 Bh3 14. c3 a5 15. Bd3) 12... axb6 13. g3 b5 14. Kd2 b4 15. c4 bxc3+ 16. Kxc3 f5 17. Rhd1 Bg7+ 18. Kc2 Ke7 19. a3 Be6 20. Nd4 c5 21. Nb5 Rgd8 22. Rac1 Ra5 23. Kb1 b6 24. Rd2 Rd7 25. Rcd1 Kd8 26. Kc2 Ke7 27. f4 Bf6 28. Kb1 Kd8 29. Kc2 Kc8 30. Kb1 Kb7 31. Kc2 Rd8 32. Nc3 {[%cal Rc3d5]} d4 33. exd4 cxd4 34. Nb5 {[#]} Ba2 ({Better is} 34... d3+ $1 $11 {[%mdl 512]} 35. Bxd3 (35. Rxd3 Rxb5) 35... Rxd3 $1 {[%mdl 512]} 36. Rxd3 Rxb5) 35. b4 d3+ 36. Rxd3 Rc8+ 37. Kd2 (37. Rc3 $5 Rxc3+ 38. Nxc3 Rxa3 39. Nxa2 Rxa2+ 40. Kd3 $14) 37... Rxb5 38. Rd7+ (38. Ke3 $11 {keeps the balance.} Be6 39. R1d2) 38... Kc6 $1 $17 {...Rxb4 is the strong threat.} 39. Bxb5+ $2 (39. Rd3 $17 Rd5 40. Bf3) 39... Kxb5 $19 40. Rc1 Ra8 ({Don't take} 40... Rxc1 41. Kxc1 Be6 42. Rd6 $17) 41. Rd6 Be6 42. Rcc6 {[#]} Bd4 ({Worse is} 42... Rxa3 43. Rxb6+ Kc4 44. Rbc6+ Kb5 45. Rb6+ Kc4 46. Rbc6+ Kb5 47. Rb6+ $11) (42... Bd8 $1 $19 43. Rc2 Be7) 43. Rc1 $17 Bf6 (43... Bg7 $17 44. Rc7 Bf6) 44. Rcc6 $19 {[#]} Bd8 $1 ({Not} 44... Rxa3 45. Rxb6+ Kc4 46. Rbc6+ Kb5 47. Rb6+ Kc4 48. Rbc6+ Kb5 49. Rb6+ $11) 45. Rc3 (45. Rc2 {is a better defense.}) 45... Be7 46. Rdd3 Bf6 47. Rc7 Bb2 48. g4 (48. Ke3 $142) 48... fxg4 {Black is clearly winning.} 49. f5 Bc4 50. Rd6 Be5 {Precision: White = 57%, Black = 59%.} 0-1

[Event "Baltic Zonal II Stage 2018"]
[Site "Palanga"]
[Date "2018.06.14"]
[Round "1"]
[White "Samolins, Vitalijs"]
[Black "Meskovs, Nikita"]
[Result "0-1"]
[WhiteElo "2406"]
[BlackElo "2515"]
[Annotator "TA"]
[PlyCount "100"]
[EventDate "2018.??.??"]
[EventType "swiss"]
[EventCountry "LTU"]
[SourceTitle "playchess.com"]
[Source "ChessBase"]
[SourceQuality "1"]

{[%evp 9,100,0,3,-18,-14,-18,-8,-14,4,-7,33,27,31,26,33,0,0,0,0,0,0,-28,0,0,0,0,0,0,0,0,0,0,0,-14,0,0,0,0,0,0,0,0,5,7,16,0,0,-16,0,0,20,0,0,0,4,0,0,0,0,0,48,18,10,10,18,-20,-15,-81,-79,-226,-233,-235,-229,-229,-233,-221,-129,-113,0,-228,-220,-345,-354,-336,-327,-421,-417,-594,-594,-600,-627,-970,-951]} 1. d4 Nf6 2. Bg5 d5 3. Nd2 Nbd7 {[%cal Bb8d7,Bd7e5,Be5f3][%mdl 32]} 4. e3 (4. Ngf3 e6 5. e3 Be7 6. Bd3 c5 7. c3 b6 8. O-O Bb7 9. Qb1 O-O 10. a4 a5 11. Re1 g6 12. Bb5 Ba6 13. Qd3 Bxb5 14. Qxb5 Ne8 15. Bh6 Nd6 16. Qe2 Re8 17. e4 dxe4 18. Nxe4 Nxe4 19. Qxe4 cxd4 20. Nxd4 {1-0 (51) Artemiev,V (2691)-Naiditsch,A (2705) Riadh 2017}) 4... h6 5. Bh4 e5 6. dxe5 {D00: 1 d4 d5: Unusual lines} Nxe5 7. Ngf3 Nxf3+ 8. Nxf3 {The position is equal.} c6 $146 ({Predecessor:} 8... g5 9. Bg3 Ne4 10. Qd4 f6 11. O-O-O c6 {½-½ (33) Dragasevic,S (2279)-Podlesnik,B (2384) Cetinje 2009}) 9. Be2 Qb6 (9... g5 $5 10. Bg3 $8 Ne4 $11) 10. Bxf6 gxf6 11. Qd4 Rg8 12. Qxb6 (12. g3 {seems wilder.} Bf5 13. Qxb6 axb6 14. Kd2 b5 15. a3) 12... axb6 13. g3 b5 14. Kd2 b4 15. c4 bxc3+ 16. Kxc3 f5 17. Rhd1 Bg7+ 18. Kc2 Ke7 19. a3 Be6 20. Nd4 c5 21. Nb5 Rgd8 22. Rac1 Ra5 23. Kb1 b6 24. Rd2 Rd7 25. Rcd1 Kd8 26. Kc2 Ke7 27. f4 Bf6 28. Kb1 Kd8 29. Kc2 Kc8 30. Kb1 Kb7 31. Kc2 Rd8 32. Nc3 {[%cal Rc3d5]} d4 33. exd4 cxd4 {aiming for ...Rc5.} 34. Nb5 Ba2 {Hoping for ...Rc8+.} (34... d3+ $5 35. Bxd3 Rxd3 $1 {[%mdl 512]} 36. Rxd3 Rxb5 $11) 35. b4 d3+ 36. Rxd3 Rc8+ 37. Kd2 (37. Rc3 $5 Rxc3+ 38. Nxc3 Rxa3 39. Nxa2 Rxa2+ 40. Kd3 $11) 37... Rxb5 38. Rd7+ (38. Ke3 $11 {keeps the balance.} Be6 39. R1d2) 38... Kc6 $1 $17 {Strongly threatening ...Rxb4.} 39. Bxb5+ $2 (39. Rd3 $17 Rd5 40. Bf3) 39... Kxb5 $19 40. Rc1 Ra8 ({Less strong is} 40... Rxc1 41. Kxc1 Be6 42. Ra7 $17) 41. Rd6 Be6 42. Rcc6 Bd4 ({Inferior is} 42... Rxa3 43. Rxb6+ Kc4 44. Rbc6+ Kb5 45. Rb6+ Kc4 46. Rbc6+ Kb3 47. b5 $15) ({Better is} 42... Bd8 $1 $19 43. Rc2 Be7) 43. Rc1 $17 Bf6 (43... Bh8 $17 44. Rcc6 Bd4 $1 {[%mdl 512]}) 44. Rcc6 $19 {[#]} Bd8 $1 ({Not} 44... Rxa3 45. Rxb6+ Kc4 46. Rbc6+ Kb5 47. Rb6+ Kc4 48. Rbc6+ Kxb4 49. Rb6+ Kc5 50. Rdc6+ Kd4 51. Rd6+ Kc4 52. Rdc6+ Kd4 53. Rd6+ Kc4 54. Rdc6+ Kd4 $11) 45. Rc3 (45. Rc2 $142) 45... Be7 46. Rdd3 Bf6 47. Rc7 Bb2 48. g4 (48. Ke3 {was necessary.}) 48... fxg4 {Black is clearly winning.} 49. f5 Bc4 50. Rd6 Be5 {Precision: White = 55%, Black = 63%.} 0-1

[Event "Baltic Zonal II Stage 2018"]
[Site "Palanga"]
[Date "2018.06.14"]
[Round "1"]
[White "Klabis, Rokas"]
[Black "Ladva, Ottomar"]
[Result "0-1"]
[WhiteElo "2383"]
[BlackElo "2499"]
[Annotator "TA"]
[PlyCount "112"]
[EventDate "2018.??.??"]
[EventType "swiss"]
[EventCountry "LTU"]
[SourceTitle "playchess.com"]
[Source "ChessBase"]
[SourceQuality "1"]

{[%evp 15,112,27,48,24,29,8,36,21,18,17,14,24,22,24,26,8,29,18,7,-30,-29,-69,-21,-29,-22,-21,-6,-49,-43,-37,-32,-50,-29,-32,-5,-8,-9,-6,-3,-3,-4,-14,-21,-15,-16,-37,-22,-14,-6,0,0,-19,-13,-9,0,0,0,0,0,0,0,0,0,0,0,0,0,0,0,0,0,0,0,0,0,0,0,0,0,-35,0,0,149,-111,-5,-19,-18,-561,64,61,62,62,329,325,332,85,93,-29991,-29992]} 1. e4 g6 2. d4 Bg7 3. Nc3 d6 4. Be3 a6 5. Qd2 b5 6. f3 Nd7 7. Nh3 {B06: Moderne Verteidigung} c5 8. Be2 Bb7 {LiveBook: 8 Partien} 9. O-O {Weiß steht etwas besser.} cxd4 10. Bxd4 Ngf6 11. a4 b4 12. Na2 a5 13. c3 bxc3 14. Nxc3 O-O {[#]} 15. Nb5 $146 ({Vorgänger:} 15. Rfb1 Nb8 {½-½ (52) Huebner,R (2585)-Ehlvest,J (2655) Manila 1990}) 15... e5 16. Be3 d5 17. exd5 Nxd5 18. Nd6 Qb8 19. Nxb7 Qxb7 20. Bb5 N7f6 {[%cal Bd7f6,Bf6d5,Bd5b4][%mdl 32]} 21. Rac1 Nxe3 22. Qxe3 Nd5 23. Qe4 Qb6+ 24. Kh1 Nb4 25. Qe2 Rad8 26. f4 exf4 27. Nxf4 Bh6 28. Rcd1 Rxd1 29. Qxd1 Rd8 30. Qb3 Bxf4 (30... Qc7 $5 {[%cal Rh6f4]} 31. Qf3 Rd2 $15) 31. Rxf4 Qc7 32. Rf1 Kg7 33. Bc4 {Droht stark Dc3+.} f6 34. Qc3 $132 {[%mdl 2048] Weiss is not keeping still} Qd6 35. b3 Re8 36. h3 h5 37. Qc1 Re7 38. Rd1 Qg3 39. Qd2 h4 40. Rf1 Qe5 41. Qd8 {Dg8+ ist eine echte Drohung.} f5 42. Qg8+ Kh6 43. Qf8+ Kg5 44. Qd8 Nc2 45. Rd1 Kh6 46. Qf8+ Kh5 47. Bd5 Nd4 48. Qa8 Kg5 (48... Rd7 $11 49. Bc4 Kg5) 49. Bf3 $2 {[%mdl 8192]} (49. Qxa5 $16 {ist nötig, um Vorteil zu sichern.} Ne2 50. Qd2+ Qf4 51. Qxf4+ Kxf4 52. Ra1) 49... Qe3 ({Lieber} 49... Re8 $17 50. Qd5 Qxd5 51. Bxd5 Ne2) 50. Rf1 Nxb3 {Schwarz will ...Td7 spielen.} 51. g3 $2 {[%mdl 8192]} (51. Qd8 $1 $11 {und Weiss ist OK.}) 51... Qe5 $2 (51... Re8 $19 52. Qa6 hxg3) 52. Qf8 $1 $14 {Weiss will mit gxh4+ Matt setzen.} Qg7 53. Qb8 {Und weiter mit Df4+ wäre nett.} Qc3 $2 {[%mdl 8192] [#]} ({Besser ist} 53... Qe5 $1 $14 54. gxh4+ (54. Qxb3 Qxg3 55. Rg1 Re1 $16) 54... Kxh4 55. Qxb3 Qg3) 54. Qf4+ $1 $18 ({Schlechter ist} 54. gxh4+ Kh6 $11) 54... Kf6 {[#]} 55. Qxh4+ $2 (55. Qd6+ $1 $18 Re6 56. Qf8+ Kg5 57. gxh4+ Kf4 58. Bg2+ Kg3 59. Qb8+ Qe5 60. Qxb3+ Kxh4 61. Qd1) 55... Ke6 $16 56. Rd1 $2 {[%mdl 8192]} (56. Qg5 $16 Rg7 57. Qd8) 56... Qxf3+ {Precision: Weiß = 41%, Schwarz = 45%.} 0-1

[Event "Baltic Zonal II Stage 2018"]
[Site "Palanga"]
[Date "2018.06.14"]
[Round "1"]
[White "Haavamae, Henrik"]
[Black "Starostits, Ilmars"]
[Result "0-1"]
[WhiteElo "2209"]
[BlackElo "2461"]
[Annotator "TA"]
[PlyCount "99"]
[EventDate "2018.??.??"]
[EventType "swiss"]
[EventCountry "LTU"]
[SourceTitle "playchess.com"]
[Source "ChessBase"]
[SourceQuality "1"]

{[%evp 10,99,80,54,82,63,63,65,65,54,63,56,91,57,81,64,101,101,89,83,104,47,81,30,80,34,96,102,103,96,101,16,61,12,23,-12,0,-14,-18,-19,-9,-9,-9,-14,16,9,16,0,0,0,0,-14,109,50,53,-69,-69,-72,-70,-66,-66,-69,-72,-71,-65,-79,-79,-80,-8,-125,-81,-80,-79,-266,-266,-284,-265,-449,-441,-421,-303,-237,-230,-248,-220,-296,-320,-554,-548,-573,-555,-475]} 1. e4 b6 2. d4 Bb7 3. Bd3 e6 4. Nf3 d6 5. O-O Nd7 6. Re1 Ne7 {B00: Queen's Fianchetto Defence, Nimzowitsch Defence} (6... g6 7. Bg5 Ne7 8. Nbd2 Bg7 9. Nf1 h6 10. Bd2 O-O 11. Ng3 e5 12. c3 c5 13. dxe5 Nxe5 14. Nxe5 dxe5 {0-1 (50) Radovanovic,J (2320)-Stany,G (2502) Hastings 2018}) 7. c4 g6 8. Nc3 Bg7 {White is slightly better.} 9. Be3 O-O 10. Qd2 Nc6 11. Bg5 Qc8 $146 ({Predecessor:} 11... f6 12. Be3 {1-0 (44) Kazimova,N (2274)-Tandogan,B (1911) Konya 2017}) 12. Bc2 Na5 13. b3 Nc6 14. Bh6 e5 {[%cal Rc6d4]} 15. Nd5 (15. d5 $16 Nb4 16. Bxg7 Kxg7 17. h3) 15... Qd8 {[%cal Rc6d4]} 16. Rad1 (16. Bxg7 $16 Kxg7 17. dxe5) 16... a5 17. a3 (17. Bg5 {looks sharper.} f6 18. Be3 Re8 19. Nc3 exd4 20. Nxd4 Nxd4 21. Bxd4 Nc5 22. Nd5) 17... Re8 (17... Nxd4 $14 18. Nxd4 Bxh6 19. Qxh6 exd4) 18. Bxg7 $16 Kxg7 19. dxe5 Ndxe5 20. Nxe5 (20. Qc3 $16) 20... Nxe5 21. Qd4 {aiming for f4.} Bxd5 22. exd5 Qf6 {And now ...Nf3+! would win.} 23. Re4 Nd7 24. Qxf6+ Nxf6 25. Rxe8 Rxe8 $11 {[%mdl 4096] Endgame KRB-KRN} 26. Kf1 b5 27. cxb5 Re5 28. b4 axb4 29. a4 $1 Nxd5 30. Rd4 Nb6 (30... Nc3 $1 $11 31. Rc4 (31. Rxb4 Re2 $17) 31... Rc5 32. Rxb4 Nxb5) 31. Rxb4 (31. Bb3 $1 $16) 31... Rc5 $1 $14 {[%cal Rc5c2]} 32. Bb3 (32. Bd1 $14) 32... Rc1+ $15 33. Ke2 Rb1 $1 34. Kd3 {[#]} Nxa4 $1 {[%mdl 512] Strongly threatening ...Rb2.} 35. Kc2 $1 {[%cal Rc2b1]} (35. Bxa4 Rxb4) 35... Rb2+ 36. Kc1 d5 37. f4 h5 38. g3 Kf8 ({Black should try} 38... d4 $17) 39. h3 (39. b6 $1 $11 {remains equal.} cxb6 40. Rxb6 $1 {[%mdl 512]}) 39... Ke7 40. b6 cxb6 {[#]} 41. Rb5 $2 (41. Rxb6 $1 $17 {[%mdl 512]} Nxb6 42. Kxb2) 41... Nc3 $19 42. Rxb6 Rg2 43. Rc6 $2 (43. g4) 43... Rxg3 44. Kb2 d4 45. Rc7+ Kd6 46. Rxf7 Ne4 47. f5 g5 ({Less strong is} 47... Rxh3 48. fxg6 Nc5 49. Bc4 $15) 48. Rf8 $2 (48. f6) 48... Ke5 49. Re8+ Kxf5 50. Be6+ {Precision: White = 33%, Black = 44%.} 0-1

[Event "Baltic Zonal II Stage 2018"]
[Site "Palanga"]
[Date "2018.06.14"]
[Round "1"]
[White "Pedoson, Georg Aleksander"]
[Black "Laurusas, Tomas"]
[Result "0-1"]
[WhiteElo "2125"]
[BlackElo "2453"]
[Annotator "TA"]
[PlyCount "60"]
[EventDate "2018.??.??"]
[EventType "swiss"]
[EventCountry "LTU"]
[SourceTitle "playchess.com"]
[Source "ChessBase"]
[SourceQuality "1"]

{[%evp 18,60,-2,-6,0,0,30,-31,-36,-37,0,-48,-38,-78,-74,-74,-74,-74,-66,-78,-72,-71,-60,-114,-111,-108,-115,-136,-134,-124,-125,-258,-251,-261,-231,-231,-184,-178,-178,-178,-178,-258,-258,-258,-263]} 1. c4 c6 2. Nf3 Nf6 3. b3 d5 4. Bb2 Bg4 5. e3 e6 6. Be2 Nbd7 7. O-O Bd6 8. h3 Bh5 9. d3 {A12: English Opening: 1...c6 with b3 by White} O-O 10. Nbd2 {LiveBook: 24 Games} a5 11. a3 {The position is equal.} Re8 12. Rc1 $146 (12. g4 $11 Bg6 13. g5) ({Predecessor:} 12. Re1 h6 13. cxd5 exd5 14. Qc2 Bg6 15. Bc3 Qe7 16. Qb2 Ne5 17. Nxe5 Bxe5 18. Bxe5 Qxe5 19. Qxe5 Rxe5 {1-0 (57) Topalov,V (2757)-Boudre,J (2341) Bilbao 2004}) 12... Qe7 $15 13. Nb1 h6 14. Qd2 Bg6 15. Rfd1 Nc5 16. Bxf6 Qxf6 17. Qc3 Qxc3 18. Rxc3 dxc4 19. bxc4 Red8 20. Ne1 ({White should play} 20. Rc2 $15) 20... b5 $17 21. cxb5 cxb5 22. d4 b4 23. axb4 axb4 24. Rc4 {[#]} (24. Rcc1 $17 Nb3 25. Rc6) 24... Na4 $1 $19 {[%cal Ra4b2] And now ...Nb2 would win.} 25. Rc6 Be4 26. Ra6 Bxb1 27. Rxa8 Rxa8 28. Rxb1 Nc3 $1 {[%csl LRb1,LRe2]} 29. Rb2 (29. Bf3 $142) 29... Nxe2+ 30. Rxe2 b3 {Precision: White = 44%, Black = 65%.} 0-1

[Event "Baltic Zonal II Stage 2018"]
[Site "Palanga"]
[Date "2018.06.15"]
[Round "2"]
[White "Kulaots, Kaido"]
[Black "Sulskis, Sarunas"]
[Result "1-0"]
[WhiteElo "2574"]
[BlackElo "2506"]
[Annotator "TA"]
[PlyCount "95"]
[EventDate "2018.??.??"]
[EventType "swiss"]
[EventCountry "LTU"]
[SourceTitle "playchess.com"]
[Source "ChessBase"]
[SourceQuality "1"]

{[%evp 17,95,35,46,15,97,77,80,95,130,124,140,119,121,131,106,44,52,31,59,54,46,42,155,147,147,143,142,143,181,139,202,192,356,219,235,225,254,202,350,179,213,226,238,252,229,181,160,97,390,380,464,365,1075,1060,980,726,712,706,688,672,868,669,652,664,667,681,679,678,671,670,661,628,2127,2043,5646,6195,5229,5214,29973,29974]} 1. e4 e5 2. Nf3 Nc6 3. Bb5 {[%cal Bf1b5,Bb5a4,Ba4b3][%mdl 32]} a6 4. Ba4 Nf6 5. O-O b5 6. Bb3 Bc5 7. a4 Rb8 8. c3 d6 9. d4 Bb6 10. a5 {C78: Ruy Lopez: Archangelsk and Möller Defences} Nxa5 {[#]} (10... Ba7 $1 $11) (10... Ba7 11. Be3 exd4 12. cxd4 Bg4 13. Qc1 Qd7 14. Nbd2 O-O 15. e5 dxe5 16. Nxe5 Nxe5 17. dxe5 Bxe3 18. fxe3 Rbd8 19. exf6 Qxd2 20. fxg7 Kxg7 21. Qc5 Rd6 22. Qe5+ Kg6 23. Rf2 f6 24. Qf4 {1-0 (24) Yu,Y (2760)-Shankland,S (2671) Liaocheng 2018}) 11. Rxa5 $1 $16 {[%mdl 512]} Bxa5 12. dxe5 {White is better.} Ng4 13. Bg5 f6 14. exf6 gxf6 {[#]} 15. Bh4 $1 {Strongly threatening h3.} (15. Qd5 $6 Qe7 $15) 15... c5 16. Qd5 $146 (16. Bd5 $16) ({Predecessor:} 16. h3 h5 17. hxg4 hxg4 {½-½ (30) Yatsenko,A (2483)-Ponkratov,P (2530) Satka 2008}) 16... c4 $14 17. Qh5+ $40 {[%mdl 128] Black needs to defend precisely.} Kf8 18. h3 {[%cal Bh2h3,Bh3g4,Bg4g5][%mdl 32]} Qe8 $1 {[%cal Re8h5]} 19. Qd5 $1 {[%cal Rd5d6]} Bc7 (19... Qe7 $14) 20. hxg4 $16 cxb3 21. Bxf6 Rg8 {[#]} 22. g5 $1 {[%mdl 1024] White has strong compensation.} Qe6 {White should prevent ...Qxd5.} 23. Qd3 Bd7 (23... Bb7 $16) 24. Nbd2 Re8 $2 (24... Rg6 25. Nd4 Qf7) 25. Re1 Rg6 26. Re3 Bb6 27. Nd4 Bxd4 (27... Qg4 $142 28. Rf3 (28. N2xb3 Kg8 $14) 28... d5) 28. cxd4 (28. Qxd4 $142 {Black must now prevent f4.} h6 29. Nf3) 28... Rc8 29. Nxb3 Qc4 30. Qd1 Qc2 31. Qh5 Kg8 32. d5 ({White should play} 32. f4) 32... Qb1+ $2 {[%mdl 8192]} (32... a5 $16) 33. Kh2 $18 Qf1 34. Qh4 Rc2 $2 (34... Rf8) 35. Rf3 Qc4 36. Qf4 {White wants to mate with Bc3.} Qc8 37. Nd4 Rc4 38. b3 Rb4 39. Qd2 a5 40. Nf5 {Ne7+ is the strong threat.} Rxe4 41. Ne7+ Rxe7 42. Bxe7 Bf5 43. Qf4 Qd7 44. Bf6 Bg4 45. Re3 h6 46. Re7 hxg5 47. Qe3 Rh6+ 48. Kg3 {Precision: White = 74%, Black = 32%.} 1-0

[Event "Baltic Zonal II Stage 2018"]
[Site "Palanga"]
[Date "2018.06.15"]
[Round "2"]
[White "Kantans, Toms"]
[Black "Samolins, Vitalijs"]
[Result "1/2-1/2"]
[WhiteElo "2526"]
[BlackElo "2406"]
[Annotator "TA"]
[PlyCount "91"]
[EventDate "2018.??.??"]
[EventType "swiss"]
[EventCountry "LTU"]
[SourceTitle "playchess.com"]
[Source "ChessBase"]
[SourceQuality "1"]

{[%evp 11,91,33,30,19,68,87,73,-21,-13,-18,18,6,19,0,0,0,0,0,0,0,0,-21,-22,-21,-22,-39,-26,-40,-42,-68,-71,-66,-70,-145,-142,-142,-157,-135,-129,-159,-82,-90,-50,-76,-56,-50,-25,-22,-29,-72,-78,-56,-48,-41,-47,-73,-58,-68,-25,-22,-23,-39,-21,-95,-49,-50,-52,-52,0,0,0,0,0,0,0,0,0,0,0,0,0,0]} 1. e4 e5 2. Nf3 Nc6 3. Bb5 f5 4. Nc3 fxe4 5. Nxe4 Nf6 6. Qe2 d5 {LiveBook: 297 Games} 7. Nc3 {C63: Ruy Lopez: Schliemann/Jaenisch Defence} (7. Nxf6+ gxf6 8. d4 e4 9. Nh4 Be6 10. c3 Qd7 11. Qh5+ Bf7 12. Qf5 Be6 13. Qh5+ Bf7 14. Qf5 Be6 {½-½ (14) Deac,B (2543)-Radjabov,T (2710) Bastia 2016}) 7... Bd6 8. Nxe5 $1 O-O 9. Bxc6 $146 (9. Nxc6 $16 bxc6 10. Bxc6) ({Predecessor:} 9. Nxc6 bxc6 10. Bxc6 Rb8 11. d4 Ng4 12. Nd1 Bxh2 13. g3 Qd6 14. Ba4 Qb4+ 15. Nc3 Rxf2 16. Qe8+ Rf8 17. Qh5 Bxg3+ 18. Ke2 Rf2+ 19. Kd1 Qxd4+ {0-1 (19) Jelinic,G-Zelic,M (2345) Pula 1996}) 9... bxc6 $11 10. O-O $1 ({Don't go for} 10. Nxc6 $2 Qd7 $19) 10... c5 11. f4 Re8 12. d3 Bb7 13. Bd2 Nd7 {[%cal Rd7e5]} 14. Qf3 Nxe5 15. fxe5 Bxe5 16. Rae1 Qd7 17. Nd1 Rf8 18. Qh5 Rxf1+ 19. Rxf1 Re8 20. b3 {[#]} c4 $1 {[%mdl 512]} 21. Re1 (21. bxc4 Bd4+) 21... Bd4+ 22. Be3 (22. Nf2 $15 Rf8 23. Be3) 22... cxd3 $17 23. cxd3 Ba6 24. Qh4 Bf6 25. Qg3 {[#]} Bxd3 (25... Be5 $142 $1 {[%cal Re5g3]} 26. Bf4 Bxf4 27. Rxe8+ Qxe8 28. Qxf4 Qe2) 26. Bxa7 {Black must now prevent Rxe8+.} Rxe1+ 27. Qxe1 d4 28. Nf2 Bc2 29. Ng4 Bg5 $40 {[%mdl 128] Threatens to win with ...d3. Black attacks.} 30. Ne5 Qd5 {aiming for ...Be3+.} 31. Nc4 {[%cal Re1e8]} Be4 32. h4 Bf6 33. Qg3 h5 34. Nd2 $1 c6 (34... Qc6 $5 {[%cal Rc6c1]} 35. Qf4 Bxg2 36. Bxd4 Bh3 $17) 35. Bb8 d3 36. Bf4 Bf5 37. Qf3 (37. a4 $11) 37... Qd4+ 38. Be3 Qa1+ 39. Kf2 Bg4 (39... Bg6 $1 $15 40. a4 Bxh4+ 41. g3 Bd8 42. Qxc6 Kh7) 40. Qxc6 $11 {The position is equal.} Bxh4+ 41. g3 Bf6 42. Qe8+ Kh7 43. Qe4+ Kh8 44. Qe8+ Kh7 45. Qe4+ Kh8 46. Qe8+ {Precision: White = 56%, Black = 57%.} 1/2-1/2

[Event "Baltic Zonal II Stage 2018"]
[Site "Palanga"]
[Date "2018.06.15"]
[Round "2"]
[White "Meshkovs, Nikita"]
[Black "Kanep, Meelis"]
[Result "1-0"]
[WhiteElo "2515"]
[BlackElo "2454"]
[Annotator "TA"]
[PlyCount "99"]
[EventDate "2018.??.??"]
[EventType "swiss"]
[EventCountry "LTU"]
[SourceTitle "playchess.com"]
[Source "ChessBase"]
[SourceQuality "1"]

{[%evp 12,99,29,32,33,32,25,-8,-8,-16,-16,-16,-10,-16,-10,-3,-8,-27,-27,-15,-5,-39,-35,-75,-61,-58,-70,-229,-234,-233,-149,-347,-357,-406,-426,-432,-352,-359,-346,-353,-202,-181,-164,-179,0,0,0,0,0,0,0,0,127,68,246,257,245,243,251,230,354,344,341,325,297,173,213,32,681,651,643,640,858,826,29983,29984,29984,29985,29985,29986,29986,29987,29987,29988,29987,29988,29983,5235,29989,29990]} 1. Nf3 d5 2. g3 c5 3. c4 d4 4. b4 a5 (4... cxb4 5. a3 b3 6. d3 Nc6 7. Nbd2 e5 8. Bg2 Nf6 9. Nxb3 Be7 10. O-O O-O 11. Bg5 Rb8 12. Ne1 Bd7 13. Nc2 {½-½ (38) Adhiban,B (2655)-Anand,V (2767) Wijk aan Zee 2018}) 5. bxc5 Nc6 6. d3 {A09: Réti Opening: 1 Nf3 d5 2 c4} e5 7. Ba3 {LiveBook: 3 Games} Nf6 8. Nbd2 {White is slightly better.} Qc7 9. Ng5 $146 ({Predecessor:} 9. Bg2 Nb4 10. Nb3 Na6 11. O-O a4 12. Nbxd4 exd4 13. Nxd4 {1-0 (27) Mareco,S (2632)-Slipak,S (2457) Montevideo 2018}) 9... Nb4 10. Nge4 Nxe4 11. Nxe4 f5 12. Nd6+ Bxd6 13. cxd6 Qc6 14. Rg1 Qxd6 15. Bg2 O-O 16. Rb1 e4 17. Qd2 Re8 18. Kf1 Bd7 19. dxe4 $2 (19. Bb2 $15) 19... fxe4 $19 20. Rd1 Bc6 21. Bb2 $2 (21. Qxd4 $17 Qxd4 22. Rxd4) 21... d3 (21... e3 22. Qxd4 Qf8 23. Qf4 $15) 22. Qg5 {[%csl Gb2][%cal Rg5g7]} Qf8 23. e3 Nxa2 24. Bh3 Qf7 25. Bf5 Bd7 (25... a4 $142 {Strongly threatening ...a3.} 26. Qf4 g6) 26. g4 {intending Qh4.} Ra6 27. Qf4 Nb4 $2 {[#]} (27... g6 $19 {White must now prevent ...Ba4.} 28. f3 Bxf5 29. gxf5 a4 30. fxg6 Rxg6 31. Rxg6+ hxg6 32. Qxf7+ Kxf7 33. fxe4 Rxe4) 28. Bxh7+ $1 $11 {[%mdl 512]} Kf8 $1 (28... Kxh7 29. Qxf7) 29. Bf5 $1 {[%cal Rf5d7] Threatens to win with Bxd7.} Kg8 $1 30. Rg3 Rh6 31. Kg1 Nc6 (31... Rh4 $11) 32. g5 (32. f3 $1 $16) 32... Rh5 $2 {[#]} (32... Rg6 $1 $14 33. Bxg6 Qxg6) 33. Bh7+ $1 $18 {[%mdl 512]} Kf8 (33... Rxh7 $2 34. Qxf7+ Kxf7 35. g6+ Ke7 36. gxh7 $18) (33... Kxh7 34. Qxf7) 34. Qd6+ $1 (34. Bg6 $6 Qxf4 35. exf4 Rh4 $16) (34. Ba3+ $6 Nb4 $16) 34... Qe7 35. Qg6 $1 {[%cal Rg6h5]} ({Don't play} 35. Qf4+ $6 Qf7 $16) 35... Rh4 {[#]} (35... Rh3 {was called for.} 36. Rd2 Nb4 37. Rxh3 Bxh3) 36. Rxd3 $1 {[%mdl 512]} Be6 {[#]} (36... Rxh7 37. Qxh7 Ne5 38. Qh8+ Kf7 {[#]} 39. g6+ $1 {[%mdl 512]} Kf6 40. Qh4+ Ke6 41. Qh3+ Kf6 42. Rxd7) (36... Ne5 37. Bxe5 Qf7 38. Bxg7+ $1 {[%mdl 512]} Qxg7 39. Qxg7+ Kxg7 40. Rxd7+ Kh8 41. g6 Rxh7 42. Rxh7+) (36... exd3 37. Rf3+) 37. Rd6 $3 {[%mdl 512] aiming for Rxe6!} Qf7 (37... Qxd6 38. Qxg7#) 38. Ba3 $40 {[%mdl 128] White wants a kill.} (38. f4 $142) 38... Nb4 39. Rb6 $2 ({White should try} 39. Qxf7+ $18 Bxf7 40. g6 Bxc4 41. Rg5) 39... Rd8 $2 {[%mdl 8192]} (39... Qd7 $14) 40. Bxb4+ axb4 41. Rxe6 Rd1+ 42. Kg2 Rxh2+ 43. Kxh2 Qxf2+ 44. Kh3 {[%csl Ge6][%cal Rg6e8]} Rh1+ 45. Kg4 {[%csl Ge6][%cal Rg6e8]} Qe2+ 46. Kf4 {[%cal Rg6f5]} Rf1+ 47. Ke5 {[%csl Ge6][%cal Rg6e8]} Qb2+ 48. Kd6 {[%csl Ge6][%cal Rg6e8]} Qd2+ 49. Kc5 (49. Kc7 $142 Rf7+ 50. Qxf7+ Kxf7 51. Rd6 Qc3 52. Bg6+ Ke7 53. Rd7+ Ke6 54. Bf7+ Kf5 55. Rd5+ Qe5+ 56. Rxe5+ Kxe5 57. Bg6 b5 58. Rg4 bxc4 59. Kc6 Ke6 60. Rxe4#) 49... b6+ 50. Rxb6 {Precision: White = 48%, Black = 60%.} 1-0